000 00328nam a22001457a 4500
001 1961
005 20260415055539.0
008 260415b |||||||| |||| 00| 0 eng d
020 _a9781785480454
100 _aPapy,Fabrice
245 _aDigital libraries
260 _aLondon
_bISTE
300 _a146p.
942 _2ddc
_cBOOK
_n0
999 _c1961
_d1961